English for international negotiations : A cross-cultural case study approach

Na minha lista:
Detalhes bibliográficos
Autor principal: Rodgers, Drew (Author)
Formato: Livro
Idioma:inglês
Publicado em: Cambridge : Cambridge University Press, 2003
Edição:5th prin
Assuntos:
Tags: Adicionar Tag
Sem tags, seja o primeiro a adicionar uma tag!

MARC

LEADER 00000nam a22000003a 4500
001 stu95083
005 20150617225813.6
008 050719s2003----uk------------------eng-d
020 |a 0-521-65749-0 
040 |a STU  |b slo 
041 0 |a eng 
044 |a uk 
080 |a 811.111 
100 1 |a Rodgers, Drew  |4 aut 
245 1 |a English for international negotiations :  |b A cross-cultural case study approach 
250 |a 5th prin 
260 |a Cambridge :  |b Cambridge University Press,  |c 2003 
300 |a 160 s 
650 7 |a angličtina konferenčná  |2 stusub 
996 |b 284M052656  |c M*11689-1  |l MMKN  |s A  |a 24  |w stu95083_0001